International trade and developing countries bargaining and coalitions in the GATT and WTO /

Bibliographic Details
Main Author: Narlikar, Amrita.
Corporate Author: ProQuest (Firm)
Format: Electronic eBook
Language:English
Published: London ; New York : Routledge, 2003.
Series:RIPE series in global political economy ; v. 13.
Subjects:
Online Access:Click to View
LEADER 02362nam a22004694a 4500
001 EBC182632
003 MiAaPQ
005 20200520144314.0
006 m o d |
007 cr cn|||||||||
008 030212s2003 enka sb 001 0 eng
010 |z  2003003698 
020 |z 0415318599 
020 |z 0415375355 
035 |a (MiAaPQ)EBC182632 
035 |a (Au-PeEL)EBL182632 
035 |a (CaPaEBR)ebr10098683 
035 |a (CaONFJC)MIL5767 
035 |a (OCoLC)475896824 
040 |a MiAaPQ  |c MiAaPQ  |d MiAaPQ 
043 |a d------ 
050 4 |a HF1379  |b .N375 2003 
082 0 4 |a 382/.92/091724  |2 21 
100 1 |a Narlikar, Amrita. 
245 1 0 |a International trade and developing countries  |h [electronic resource] :  |b bargaining and coalitions in the GATT and WTO /  |c Amrita Narlikar. 
260 |a London ;  |a New York :  |b Routledge,  |c 2003. 
300 |a xviii, 238 p. :  |b ill. 
490 1 |a RIPE series in global political economy ;  |v v. 13 
504 |a Includes bibliographical references and index. 
505 0 |a Bargaining together : why and how? -- Coalitions in the GATT and the entry of services -- Bloc diplomacy : the informal group and the G-10 -- Alliance diplomacy : the issue-based, crossover coalitions of G-20 and cafe au lait -- Combination diplomacy : issue-based blocs and sub-sectoral crossover coalitions -- Evolved alliances : the cairns group and friends of services group -- Regionalism : a springboard for bargaining? -- Coalitions of the new round : developing countries at Seattle and Doha -- Conclusion. 
533 |a Electronic reproduction. Ann Arbor, MI : ProQuest, 2015. Available via World Wide Web. Access may be limited to ProQuest affiliated libraries. 
610 2 0 |a World Trade Organization  |z Developing countries. 
610 2 0 |a General Agreement on Tariffs and Trade (Organization)  |z Developing countries. 
650 0 |a International trade. 
650 0 |a Trade blocs  |z Developing countries. 
650 0 |a Regionalism  |z Developing countries. 
650 0 |a Strategic alliances (Business)  |z Developing countries. 
650 0 |a Foreign trade regulation  |z Developing countries. 
655 4 |a Electronic books. 
710 2 |a ProQuest (Firm) 
830 0 |a RIPE series in global political economy ;  |v v. 13. 
856 4 0 |u https://ebookcentral.proquest.com/lib/matrademy/detail.action?docID=182632  |z Click to View